000 01271cam a22003497a 4500
003 CHAP
005 20220329141415.0
008 971013s1986 r 00010 d
010 _a67678
011 _a68650
035 _a78123
040 _cCHAP
090 _aTesis
100 0 0 _aGómez González, María de los Angeles.
_949721
245 1 3 _aLa organización socio-económica de productores forestales de la Meseta Tarasca
_b: Problemática y perspectiva
260 _aChapingo, Méx. :
_bEl autor,
_c1986
300 _a134 h.
502 _aTesis (Ing. Agrónomo Esp. en Economía Agrícola) -- UACH. Departamento de Economía Agrícola
590 _aALEPH
_b10
_c20130110
_lUCH01
_h1403
590 _aBATCH-UPD
_b10
_c20130110
_lUCH01
_h0259
590 _aBATCH-UPD
_b10
_c20130110
_lUCH01
_h2020
590 _aBATCH-UPD
_b10
_c20130409
_lUCH01
_h2330
590 _aBATCH-UPD
_b10
_c20130410
_lUCH01
_h1425
590 _aBATCH-UPD
_b10
_c20130914
_lUCH01
_h1549
590 _aCONVERSION
_b10
_c20130109
_lUCH01
_h1337
650 1 4 _aIndustrias forestales
_zMichoacán.
_958005
650 1 4 _aOrganización de productores.
_983544
650 1 4 _aRecursos forestales
_xMichoacán.
_995054
901 _aBK
942 _cTESIS
949 _bBC
_cTES
_d-30997
_eTS1
_h20211
_i78123
_si
999 _c67678
_d67678